00409nam a2200169Ia 4500008004100000020001800041050001400059100001600073245003400089245001500123260001500138260001700153260000900170300001400179300002500193440002100218180207s9999 xx 000 0 und d a9780717285822 bB534 2005 aBerry, Joy. 2aA book about being careless / cJoy Berry. aNew York : bScholastic,  c2005 aunpaged : bcolor illustration ; aHelp me be good!